000 00591nam a2200181Ia 4500
008 100920s9999 xx 000 0 und d
082 _b72234
_a24 थ 98
100 _aठाकरे बाळ./संपा. पाध्ये यशवंत.
245 _aकवच कुंडले.
260 _bमनोरमा प्रकाशन., मुंबई.
_c1998
300 _a240
_bसाधी
365 _b150
520 _aसायो.
630 _aकवच कुंडले.
650 _aसायो.
730 _aकवच कुंडले.
942 _cBOOK
999 _c714044
_d714041